Сердца чуткого прозреньем...: повести и рассказы русских писательниц XIX в.; "Причудливо смешались свет и тени"; Игра судьбы, или Противозаконная любовь; Чины и деньги; Напрасный дар; Наденька; Долг; За чайным столом; Институтка; До свадьбы; Рассказ в письмах; Сон; Свидание; Поминки; Счастливая
| Altri autori: | |
|---|---|
| Lingua: | russo |
| Pubblicazione: |
Москва, Советская Россия, 1991
|
| TOC: | Н. И. Якушин, "Причудливо смешались свет и тени"; Н. А. Дурова, Игра судьбы, или Противозаконная любовь; Е. П. Ростопчина, Чины и деньги; Е. А. Ган, Напрасный дар; М. С. Жукова, Наденька; Е. В. Салиас де Турнемир, Долг; К. К. Павлова, За чайным столом; М. А. Виленская, Институтка; А. П. Суслова, До свадьбы; А. Я. Панаева, Рассказ в письмах; А. В. Корвин-Круковская, Сон; Н. Д. Хвощинская, Свидание; О. А. Шапир, Поминки; А. Р. Крандиевская, Счастливая; |
| Soggetti: | |
| Natura: | MixedMaterials Libro |
| KOHA link: | https://koha.lib.tpu.ru/cgi-bin/koha/opac-detail.pl?biblionumber=119929 |
MARC
| LEADER | 00000nam0a2200000 4500 | ||
|---|---|---|---|
| 001 | 119929 | ||
| 005 | 20231101215554.0 | ||
| 010 | |a 5268010166 | ||
| 035 | |a (RuTPU)RU\TPU\book\129849 | ||
| 090 | |a 119929 | ||
| 100 | |a 20070814d1991 m y0rusy50 ca | ||
| 101 | 0 | |a rus | |
| 102 | |a RU | ||
| 105 | |a y z 001ay | ||
| 200 | 1 | |a Сердца чуткого прозреньем... |e повести и рассказы русских писательниц XIX в. |f сост. Н. И. Якушин | |
| 210 | |a Москва |c Советская Россия |d 1991 | ||
| 215 | |a 560 с. | ||
| 320 | |a Примечания: с. 548-558. | ||
| 464 | |t "Причудливо смешались свет и тени" |o вступительная статья |f Н. И. Якушин | ||
| 464 | |t Игра судьбы, или Противозаконная любовь |o истинное происшествие, случившееся на родине автора |f Н. А. Дурова | ||
| 464 | |t Чины и деньги |f Е. П. Ростопчина | ||
| 464 | |t Напрасный дар |f Е. А. Ган | ||
| 464 | |t Наденька |f М. С. Жукова | ||
| 464 | |t Долг |f Е. В. Салиас де Турнемир | ||
| 464 | |t За чайным столом |f К. К. Павлова | ||
| 464 | |t Институтка |f М. А. Виленская | ||
| 464 | |t До свадьбы |o из дневника одной девушки |f А. П. Суслова | ||
| 464 | |t Рассказ в письмах |f А. Я. Панаева | ||
| 464 | |t Сон |f А. В. Корвин-Круковская | ||
| 464 | |t Свидание |f Н. Д. Хвощинская | ||
| 464 | |t Поминки |f О. А. Шапир | ||
| 464 | |t Счастливая |f А. Р. Крандиевская | ||
| 606 | 1 | |a Русская литература, дореволюционная |2 stltpush |3 (RuTPU)RU\TPU\subj\26371 |9 50314 | |
| 610 | 1 | |a художественная литература | |
| 610 | 1 | |a повести | |
| 610 | 1 | |a рассказы | |
| 610 | 1 | |a 19 век | |
| 610 | 1 | |a сборники | |
| 610 | 1 | |a русские женщины | |
| 675 | |a Р1 |v 3 | ||
| 702 | 1 | |a Якушин |b Н. И. |4 220 | |
| 801 | 1 | |a RU |b 63413507 |c 20070814 |g PSBO | |
| 801 | 2 | |a RU |b 63413507 |c 20221004 |g PSBO | |
| 942 | |c BK | ||